Theory of Plasticity and Metal Forming Processes (Record no. 181517)

MARC details
000 -LEADER
fixed length control field 00503nam a2200193Ia 4500
008 - FIXED-LENGTH DATA ELEMENTS--GENERAL INFORMATION
fixed length control field 240823s9999||||xx |||||||||||||| ||und||
020 ## - INTERNATIONAL STANDARD BOOK NUMBER
International Standard Book Number 81-7409-050-09
082 ## - DEWEY DECIMAL CLASSIFICATION NUMBER
-- 668.41 P8
100 ## - MAIN ENTRY--PERSONAL NAME
Personal name "Singh,Sadhu"
245 #0 - TITLE STATEMENT
Title Theory of Plasticity and Metal Forming Processes
250 ## - EDITION STATEMENT
Edition statement IIIrd
260 ## - PUBLICATION, DISTRIBUTION, ETC. (IMPRINT)
Date of publication, distribution, etc 2008
Name of publisher, distributor, etc "Khanna Publishders,"
Place of publication, distribution, etc New Delhi
500 ## - GENERAL NOTE
General note YES
650 ## - SUBJECT ADDED ENTRY--TOPICAL TERM
Topical term or geographic name as entry element Metal Forming Processes
942 ## - ADDED ENTRY ELEMENTS (KOHA)
Item type Books
Holdings
Withdrawn status Lost status Damaged status Permanent location Current location Date acquired Source of acquisition Cost, normal purchase price Full call number Barcode Date last seen Koha item type
      CENTRAL LIBRARY, NOORUL ISLAM CENTRE FOR HIGHER EDUCATION CENTRAL LIBRARY, NOORUL ISLAM CENTRE FOR HIGHER EDUCATION 08/28/2009 Higginbothams Private Ltd 185.00 668.41 P8 34631 08/23/2024 Books
Visitors:
Copyright © 2024 Central Library NICHE.  All rights reserved.